000 00640nam a2200265Ia 4500
005 20260121173655.0
008 008 260114s9999 xx 000 0 eng d
020 _a9789463000130
037 _aEBOOK
040 _aCRL
040 _beng
040 _cCRL
041 _2eng
041 _aeng
084 _qCRL
100 _aWilliam Marsiglio Kendra Siler-Marsiglio
_91103792
245 4 _aThe Male Clock
260 _bSpringer
260 _bSpringer
260 _c2015
856 _uhttps://link.springer.com/openurl?genre=book&isbn=978-94-6300-013-0
942 _cEBOOK
999 _c1669540
_d1669540